Directions to Mount Doom Quiz Stats

Quiz Updated May 10, 2018

Challenge
Share
Tweet
Score 0/20 Timer 06:00
2 Plays Today
% Correct
Bag End
91.8%
Rivendell
85.1%
Nazgûl
82.6%
Moria
82.3%
Balrog
80.4%
Mount Doom
79.7%
Isengard
79%
Minas Tirith
78.5%
Bree
76.8%
Black Gate
76.2%
% Correct
Shelob
74.8%
Misty Mountains
74.4%
Fangorn
69.2%
Lothlórien
67.4%
Weathertop
66.5%
Stair
63.2%
Falls
60.7%
Dead Marshes
57%
Barad-dûr
49.9%
Anduin
43.8%

You're not logged in!

Compare scores with friends on all Sporcle quizzes.
Join for Free
OR
Log In

You Might Also Like...

Show Comments

Extras

Top Quizzes Today


Score Distribution

Your Account Isn't Verified!

In order to create a playlist on Sporcle, you need to verify the email address you used during registration. Go to your Sporcle Settings to finish the process.

Report this User

Report this user for behavior that violates our Community Guidelines.

Details: